| 000 | 01276cab a22002775a 4500 | ||
|---|---|---|---|
| 001 | L144140 | ||
| 008 | 080624e20080621xxka F v 000 0 eng d | ||
| 035 | _a(Sirsi) u144140 | ||
| 041 | 0 | _aeng | |
| 100 | 1 | _aFrancis, Andrew | |
| 245 | 0 | 0 | _aCasting a shadow |
| 260 | _c2008 | ||
| 490 | 0 |
_aEstates Gazette _v(0824) 21 June 2008, 134-135(2) |
|
| 520 | _aExplains how development clauses are increasingly being included in commercial leases (and some freehold transfers) to prevent rights to light being acquired. Explains the problems that such provisions can cause, and how they work in practice, with reference to the case of RHJ Ltd v FT Patten (Holdings) Ltd and other relevant cases. Proposes an alternative approach to the standard development clause. | ||
| 590 | _aKA | ||
| 650 | 2 | 4 | _aLAW OF PROPERTY ACT 1925 |
| 650 | 2 | 4 | _aRHJ LTD V FT PATTEN (HOLDINGS) LTD AND ANOTHER |
| 650 | 2 | 4 | _aMORGAN V FEAR |
| 650 | 2 | 4 | _aWHEELDON V BURROWS |
| 650 | 2 | 4 | _aREGAN V PAUL PROPERTIES LTD AND OTHERS |
| 650 | 2 | 4 | _aTAMARES (VINCENT SQUARE) LTD V FAIRPOINT PROPERTIES (VINCENT SQUARE) LTD |
| 651 | 4 |
_aEngland and Wales _y1543- |
|
| 690 | _aPROPERTY-PROPERTY MANAGEMENT-EASEMENTS-RIGHTS TO LIGHT DETERMINATION-RIGHTS TO LIGHT | ||
| 700 | 1 | _aHumphreys, Emma | |
| 942 | _n0 | ||
| 999 |
_c80359 _d80359 |
||